000 01051cam a22001814a 4500
005 20250605164347.0
008 250528s ||||||||||||||||||||||||d
035 _a23955
040 _aGR-AtMCL
_bgre
_dGR-AtMCL
_eAACR2
245 1 _aΈνα Ολοκληρωμένο Hub Στρατηγικής Σκέψης, Έμπνευσης και Αποτελεσματικότητας / V+O Greece
260 _c2019
520 _aΈνα Hub Ολιστικής Επικοινωνίας, Το Wind One είναι Πρωτίστως μια Εμπειρία, Πλήθος Λανσαρισμάτων και Playful Επικοινωνιακά Concepts, 'Πίσω΄' Παραμένει η Ελλάδα στην Εφαρμογή Πρακτικών ΕΚΕ, 'Tech Drive' στο Μέλλον της Αυτοκίνησης, Αλληλεπίδραση και Personalization... Ανεβάζουν την Ένταση.
700 1 _aΜπούσιας Μιχάλης Κ
_99357
942 _cCR
710 2 _aThe Marketing Week
_99825
999 _c8866
_d8866